Catálogo - Centro de Recursos para el Aprendizaje y la Investigación
Volver al Sitio - CRAI Biblioteca| 000 -CABECERA | |
|---|---|
| campo de control de longitud fija | 00746nam a2200217 4500 |
| 001 - NÚMERO DE CONTROL | |
| campo de control | 114262 |
| 003 - IDENTIFICADOR DEL NÚMERO DE CONTROL | |
| campo de control | DR-UNIBE |
| 005 - FECHA Y HORA DE LA ÚLTIMA TRANSACCIÓN | |
| campo de control | 20251203110457.0 |
| 008 - DATOS DE LONGITUD FIJA--INFORMACIÓN GENERAL | |
| campo de control de longitud fija | 251203b1957 xxu||||| |||| 00| 0 eng d |
| 040 ## - FUENTE DE LA CATALOGACIÓN | |
| Centro catalogador/agencia de origen | BIBLIOTECA UNIBE |
| Lengua de catalogación | spa |
| Centro/agencia transcriptor | BIBLIOTECA UNIBE |
| 041 ## - CÓDIGO DE LENGUA | |
| Código de lengua del texto/banda sonora o título independiente | eng |
| 082 ## - NÚMERO DE LA CLASIFICACIÓN DECIMAL DEWEY | |
| Número de edición | 22 |
| Número de clasificación | 657 N747a |
| 100 1# - ENTRADA PRINCIPAL--NOMBRE DE PERSONA | |
| Nombre de persona | Noble, Howard S. |
| Forma completa/desarrollada del nombre | (Howard Scott), |
| Fechas asociadas al nombre | 1893-1964 |
| Término indicativo de función/relación | autor |
| 9 (RLIN) | 201220 |
| 100 1# - ENTRADA PRINCIPAL--NOMBRE DE PERSONA | |
| Nombre de persona | Niswonger, C. Rollin |
| Forma completa/desarrollada del nombre | (Clifford Rollin), |
| Fechas asociadas al nombre | 1907-1980 |
| Término indicativo de función/relación | autor |
| 9 (RLIN) | 201221 |
| 245 10 - MENCIÓN DE TÍTULO | |
| Título | Accounting principles / |
| Mención de responsabilidad, etc. | Howard S. Noble and C. Rollin Niswonger |
| 250 ## - MENCIÓN DE EDICIÓN | |
| Mención de edición | Séptima edición |
| 260 ## - PUBLICACIÓN, DISTRIBUCIÓN, ETC. | |
| Lugar de publicación, distribución, etc. | Cincinnati : |
| Nombre del editor, distribuidor, etc. | South-western Publishing Company, |
| Fecha de publicación, distribución, etc. | 1957 |
| 300 ## - DESCRIPCIÓN FÍSICA | |
| Extensión | x, 742 páginas : |
| Otras características físicas | ilustraciones ; |
| Dimensiones | 24 cm |
| 650 #7 - PUNTO DE ACCESO ADICIONAL DE MATERIA--TÉRMINO DE MATERIA | |
| Fuente del encabezamiento o término | lemb |
| Término de materia o nombre geográfico como elemento de entrada | Contabilidad |
| 942 ## - ELEMENTOS DE PUNTO DE ACCESO ADICIONAL (KOHA) | |
| Fuente del sistema de clasificación o colocación | Sistema de Clasificación Decimal Dewey |
| Tipo de ítem Koha | Libro (general) |
| Estado de retiro | Estado de pérdida | Fuente del sistema de clasificación o colocación | No para préstamo | Código de colección | Localización permanente | Fecha de adquisición | Total de préstamos | Signatura topográfica completa | Código de barras | Fecha visto por última vez | Número de copia | Precio válido a partir de | Tipo de ítem Koha |
|---|---|---|---|---|---|---|---|---|---|---|---|---|---|
| Disponible | Sistema de Clasificación Decimal Dewey | General | Biblioteca Central UNIBE | 03/10/2025 | 657 N747a | 251162 | 03/12/2025 | Ej. 1 | 03/12/2025 | Libro (general) |